[Event "DVM U12 2020"]
[Site "Magdeburg GER"]
[Date "2021.08.07"]
[Round "5"]
[White "Dubinker, Philipp"]
[Black "Sinka, Silas"]
[Result "1/2-1/2"]
[Termination "normal"]
[Board "7.1"]
[WhiteElo "1382"]
[BlackElo "1344"]
[WhiteClock "00:24:00"]
[BlackClock "00:27:24"]
[WhiteTeam "SK Marburg 1931/72"]
[BlackTeam "SV Hellas Nauen e.V."]
[PlyCount "118"]
[WhiteFideId "34608320"]
[BlackFideId "16265823"]
[EventCountry "GER"]
[EventRounds "7"]
[EventType "team-swiss"]
[EventDate "2021.08.04"]

1. e4 {[%clk 01:30:57]} {[%emt 00:00:45]} e6 {[%clk 01:30:57]} 2. d4 {[%clk
01:31:18]} d5 {[%clk 01:31:20]} 3. Nc3 {[%clk 01:31:37]} Nf6 {[%clk 01:31:42]}
4. e5 {[%clk 01:31:45]} {[%emt 00:00:05]} Nfd7 5. f4 {[%clk 01:32:00]} c5
{[%clk 01:32:19]} 6. Nf3 {[%clk 01:32:01]} Nc6 {[%clk 01:32:28]} 7. Be3 {[%clk
01:32:07]} b6 {[%clk 01:32:15]} {[%emt 00:00:33]} 8. Qd2 {[%clk 01:30:59]}
{[%emt 00:02:11]} Bb7 {[%clk 01:31:49]} {[%emt 00:00:22]} 9. Be2 {[%clk
01:30:50]} {[%emt 00:04:46]} a6 {[%clk 01:31:50]} 10. O-O {[%clk 01:29:45]} Qc7
{[%clk 01:31:53]} 11. Nd1 {[%clk 01:27:48]} {[%emt 00:23:34]} Be7 {[%clk
01:31:51]} 12. Bf2 {[%clk 01:27:17]} f6 {[%clk 01:26:24]} 13. exf6 {[%clk
01:24:11]} Bxf6 {[%clk 01:24:25]} 14. c3 {[%clk 01:23:38]} O-O-O {[%clk
01:23:48]} {[%emt 00:29:03]} 15. Bg3 {[%clk 01:20:37]} Nf8 {[%clk 01:21:05]}
16. f5 {[%clk 01:20:06]} Qe7 {[%clk 01:20:57]} 17. fxe6 {[%clk 01:19:05]} Nxe6
{[%clk 01:21:14]} {[%emt 00:00:04]} 18. dxc5 {[%clk 01:12:54]} Nxc5 {[%clk
01:11:42]} 19. Nd4 {[%clk 01:11:02]} h5 {[%clk 01:04:31]} {[%emt 00:00:51]} 20.
Nxc6 {[%clk 01:07:27]} {[%emt 00:07:17]} Bxc6 {[%clk 01:04:50]} 21. b4 {[%clk
01:07:27]} Rde8 {[%clk 01:02:57]} 22. Re1 {[%clk 01:02:53]} {[%emt 00:04:57]}
Ne4 {[%clk 00:53:12]} {[%emt 00:10:10]} 23. Bxa6+ {[%emt 00:02:15]} Kd8 {[%clk
00:52:34]} {[%emt 00:01:07]} 24. Qc2 {[%clk 00:56:29]} {[%emt 00:05:10]} Qa7
{[%clk 00:47:59]} {[%emt 00:05:04]} 25. b5 {[%clk 00:53:34]} {[%emt 00:03:35]}
Bb7 {[%clk 00:46:49]} {[%emt 00:01:30]} 26. Bxb7 {[%clk 00:53:12]} {[%emt
00:00:53]} Qxb7 {[%clk 00:47:14]} {[%emt 00:00:05]} 27. Bf4 {[%clk 00:52:28]}
{[%emt 00:01:14]} Qc8 {[%clk 00:45:29]} {[%emt 00:02:24]} 28. Be3 {[%clk
00:48:38]} {[%emt 00:04:11]} d4 {[%clk 00:39:07]} {[%emt 00:06:52]} 29. Bd2
{[%clk 00:42:52]} {[%emt 00:09:36]} Qc5 {[%clk 00:38:26]} 30. Qd3 {[%clk
00:41:17]} Nxd2 {[%clk 00:33:32]} {[%emt 00:05:35]} 31. Rxe8+ {[%clk 00:35:30]}
{[%emt 00:06:01]} Rxe8 {[%clk 00:33:52]} {[%emt 00:00:18]} 32. Qxd2 {[%clk
00:35:48]} {[%emt 00:00:08]} d3+ {[%clk 00:32:57]} {[%emt 00:01:21]} 33. Kh1
{[%clk 00:33:28]} {[%emt 00:02:49]} Qxb5 {[%clk 00:32:54]} {[%emt 00:00:41]}
34. Nf2 {[%clk 00:32:08]} {[%emt 00:05:15]} Re2 {[%clk 00:30:17]} {[%emt
00:02:01]} 35. Qxd3+ {[%clk 00:32:25]} Qxd3 {[%clk 00:30:41]} 36. Nxd3 {[%clk
00:32:46]} Bxc3 {[%clk 00:30:55]} 37. Rc1 {[%clk 00:30:49]} {[%emt 00:00:46]}
Rd2 {[%clk 00:31:09]} {[%emt 00:00:15]} 38. Nf4 {[%clk 00:30:01]} {[%emt
00:01:18]} Rxa2 {[%clk 00:30:46]} {[%emt 00:00:53]} 39. Nxh5 {[%clk 00:30:13]}
{[%emt 00:00:18]} g6 {[%clk 00:27:59]} {[%emt 00:03:17]} 40. Nf4 {[%clk
00:28:21]} {[%emt 00:02:08]} b5 {[%clk 00:26:13]} {[%emt 00:02:30]} 41. h3
{[%clk 00:25:31]} {[%emt 00:03:20]} Ra1 {[%clk 00:25:33]} {[%emt 00:01:13]} 42.
Rxa1 {[%clk 00:24:47]} {[%emt 00:01:10]} Bxa1 {[%clk 00:25:59]} {[%emt
00:00:04]} 43. Nxg6 {[%clk 00:24:47]} {[%emt 00:00:30]} b4 {[%clk 00:26:08]}
{[%emt 00:00:26]} 44. Nf4 {[%clk 00:25:03]} {[%emt 00:00:10]} b3 {[%clk
00:26:26]} {[%emt 00:00:12]} 45. Nd3 {[%clk 00:25:16]} {[%emt 00:00:17]} Be5
{[%clk 00:25:51]} {[%emt 00:01:12]} 46. g4 {[%clk 00:24:48]} {[%emt 00:00:51]}
b2 {[%clk 00:26:19]} {[%emt 00:00:05]} 47. Nxb2 {[%clk 00:25:11]} {[%emt
00:00:07]} Bxb2 {[%clk 00:26:47]} 48. Kg2 {[%clk 00:25:20]} {[%emt 00:00:20]}
Bc1 {[%clk 00:26:55]} {[%emt 00:00:22]} 49. Kf3 {[%clk 00:24:20]} {[%emt
00:01:30]} Bg5 {[%clk 00:27:12]} {[%emt 00:00:13]} 50. Ke4 {[%clk 00:24:41]}
{[%emt 00:00:09]} Ke8 {[%clk 00:27:32]} {[%emt 00:00:09]} 51. Kf5 {[%clk
00:24:39]} {[%emt 00:00:40]} Bh4 {[%clk 00:27:27]} {[%emt 00:00:33]} 52. Kg6
{[%clk 00:24:44]} {[%emt 00:00:20]} Kf8 {[%clk 00:27:48]} {[%emt 00:00:08]} 53.
Kh5 {[%clk 00:24:45]} {[%emt 00:00:28]} Be7 {[%clk 00:28:03]} {[%emt 00:00:17]}
54. h4 {[%clk 00:24:45]} {[%emt 00:00:30]} Kg8 {[%clk 00:27:54]} {[%emt
00:00:39]} 55. g5 {[%clk 00:24:41]} {[%emt 00:00:36]} Kg7 {[%clk 00:28:12]}
{[%emt 00:00:10]} 56. Kg4 {[%clk 00:23:58]} {[%emt 00:01:13]} Kg6 {[%clk
00:27:07]} {[%emt 00:01:35]} 57. h5+ {[%clk 00:23:43]} {[%emt 00:00:44]} Kg7
{[%clk 00:27:18]} {[%emt 00:00:20]} 58. g6 {[%clk 00:24:03]} {[%emt 00:00:10]}
Ba3 {[%clk 00:27:19]} {[%emt 00:00:28]} 59. Kf5 {[%clk 00:24:00]} {[%emt
00:00:37]} Bb2 {[%clk 00:27:24]} {[%emt 00:00:21]} 1/2-1/2

[Event "DVM U12 2020"]
[Site "Magdeburg GER"]
[Date "2021.08.07"]
[Round "5"]
[White "Alkayas, Mohammad"]
[Black "Pauser, Kilian"]
[Result "1-0"]
[Termination "normal"]
[Board "7.3"]
[WhiteElo "1170"]
[BlackElo "1020"]
[WhiteClock "01:13:37"]
[BlackClock "00:47:06"]
[WhiteTeam "SK Marburg 1931/72"]
[BlackTeam "SV Hellas Nauen e.V."]
[PlyCount "68"]
[WhiteFideId "34608400"]
[BlackFideId "16287584"]
[EventCountry "GER"]
[EventRounds "7"]
[EventType "team-swiss"]
[EventDate "2021.08.04"]

1. e4 {[%clk 01:30:59]} e5 {[%clk 01:30:54]} {[%emt 00:00:11]} 2. Nf3 {[%clk
01:31:25]} {[%emt 00:00:58]} Nc6 {[%clk 01:31:18]} 3. Bc4 {[%clk 01:31:49]} Bc5
{[%clk 01:31:26]} 4. c3 {[%clk 01:32:14]} Nf6 {[%clk 01:31:43]} {[%emt
00:00:47]} 5. d4 {[%clk 01:32:36]} exd4 {[%clk 01:31:53]} 6. O-O {[%clk
01:32:57]} Nxe4 {[%clk 01:32:12]} 7. cxd4 {[%clk 01:33:11]} {[%emt 00:00:12]}
d5 {[%clk 01:32:27]} {[%emt 00:07:47]} 8. dxc5 {[%clk 01:33:35]} dxc4 {[%clk
01:32:43]} 9. Qe2 {[%clk 01:33:44]} Qd3 {[%clk 01:32:55]} 10. Re1 {[%clk
01:34:06]} f5 {[%clk 01:33:18]} {[%emt 00:00:05]} 11. Nc3 {[%clk 01:34:26]} O-O
{[%clk 01:33:33]} 12. Nxe4 {[%clk 01:34:52]} fxe4 {[%clk 01:33:54]} 13. Qxe4
{[%clk 01:35:13]} Bf5 {[%clk 01:34:13]} {[%emt 00:11:39]} 14. Qh4 {[%clk
01:35:41]} Rfe8 {[%clk 01:30:40]} 15. Be3 {[%clk 01:35:56]} Rad8 {[%clk
01:27:31]} 16. Rac1 {[%clk 01:31:27]} Nb4 {[%clk 01:19:11]} {[%emt 00:09:50]}
17. Qxc4+ {[%clk 01:31:16]} Qxc4 {[%clk 01:18:03]} 18. Rxc4 {[%clk 01:31:18]}
Nc2 {[%clk 01:16:20]} 19. Rc1 {[%clk 01:29:48]} {[%emt 00:01:53]} Kf7 {[%clk
01:11:09]} {[%emt 00:05:41]} 20. h3 {[%clk 01:26:34]} {[%emt 00:10:31]} Nxe3
{[%clk 01:09:47]} 21. fxe3 {[%clk 01:26:44]} Rxe3 {[%clk 01:09:47]} 22. c6
{[%clk 01:24:46]} b6 {[%clk 01:05:52]} {[%emt 00:23:37]} 23. a4 {[%clk
01:24:19]} a5 {[%clk 01:04:59]} 24. Kf2 {[%clk 01:22:23]} Rde8 {[%clk
01:02:46]} 25. Re1 {[%clk 01:21:10]} Rxe1 {[%clk 01:01:11]} 26. Nxe1 {[%clk
01:21:04]} Kf6 {[%clk 00:59:59]} 27. g4 {[%clk 01:19:55]} Bg6 {[%clk 00:58:27]}
{[%emt 00:00:10]} 28. b4 {[%clk 01:19:50]} Bf7 {[%clk 00:56:08]} 29. Rd4 {[%clk
01:18:35]} {[%emt 00:01:35]} Ke5 {[%clk 00:55:18]} {[%emt 00:01:16]} 30. Nf3+
{[%clk 01:16:48]} {[%emt 00:02:16]} Kf6 {[%clk 00:53:51]} {[%emt 00:01:54]} 31.
bxa5 {[%clk 01:17:00]} {[%emt 00:00:25]} bxa5 {[%clk 00:53:35]} {[%emt
00:00:40]} 32. Rd7 {[%clk 01:14:30]} {[%emt 00:02:58]} Re7 {[%clk 00:53:28]}
{[%emt 00:00:37]} 33. g5+ {[%clk 01:14:11]} {[%emt 00:00:56]} Ke6 {[%clk
00:50:23]} {[%emt 00:03:30]} 34. Nd4+ {[%clk 01:13:37]} {[%emt 00:01:03]} Ke5
{[%clk 00:47:06]} {[%emt 00:03:46]} 1-0

[Event "DVM U12 2020"]
[Site "Magdeburg GER"]
[Date "2021.08.07"]
[Round "5"]
[White "Börner, Eric"]
[Black "Baumgart, Jost"]
[Result "1-0"]
[Termination "normal"]
[Board "7.4"]
[WhiteElo "1005"]
[BlackElo "1017"]
[WhiteClock "01:18:25"]
[BlackClock "01:27:53"]
[WhiteTeam "SV Hellas Nauen e.V."]
[BlackTeam "SK Marburg 1931/72"]
[PlyCount "35"]
[WhiteFideId "34608362"]
[BlackFideId "34608397"]
[EventCountry "GER"]
[EventRounds "7"]
[EventType "team-swiss"]
[EventDate "2021.08.04"]

1. e4 {[%clk 01:30:58]} {[%emt 00:01:23]} e5 {[%clk 01:30:56]} 2. Nf3 {[%clk
01:31:23]} Nc6 3. Bc4 Nf6 {[%clk 01:31:03]} 4. c3 {[%clk 01:29:52]} d5 {[%clk
01:30:45]} 5. exd5 {[%clk 01:29:19]} Nxd5 {[%clk 01:30:38]} 6. d4 {[%clk
01:27:39]} {[%emt 00:01:25]} Bg4 {[%clk 01:30:51]} {[%emt 00:00:16]} 7. dxe5
{[%clk 01:26:29]} {[%emt 00:01:43]} Bxf3 {[%clk 01:30:49]} {[%emt 00:00:30]} 8.
Qxf3 {[%clk 01:26:11]} {[%emt 00:00:48]} Nxe5 {[%clk 01:30:01]} {[%emt
00:01:19]} 9. Qxd5 {[%clk 01:26:00]} {[%emt 00:00:42]} Nxc4 {[%clk 01:30:22]}
{[%emt 00:03:09]} 10. Qxc4 {[%clk 01:25:55]} Bd6 {[%clk 01:29:49]} 11. O-O
{[%clk 01:24:54]} {[%emt 00:00:09]} Qf6 {[%clk 01:30:00]} {[%emt 00:00:47]} 12.
Re1+ {[%clk 01:22:31]} {[%emt 00:02:22]} Kd8 {[%clk 01:30:11]} {[%emt
00:00:22]} 13. g3 {[%clk 01:21:55]} {[%emt 00:01:02]} b6 {[%clk 01:29:08]}
{[%emt 00:01:49]} 14. Bf4 {[%clk 01:18:44]} {[%emt 00:03:26]} Bc5 {[%clk
01:29:24]} {[%emt 00:01:07]} 15. Qd5+ {[%clk 01:18:20]} {[%emt 00:00:38]} Kc8
{[%clk 01:29:12]} {[%emt 00:01:35]} 16. Qxa8+ {[%clk 01:18:22]} Kd7 17. Qxh8
Qg6 {[%clk 01:27:53]} {[%emt 00:00:54]} 18. Qe8# {[%clk 01:18:25]} {[%emt
00:00:23]} 1-0

[Event "DVM U12 2020"]
[Site "Magdeburg GER"]
[Date "2021.08.07"]
[Round "5"]
[White "Werner, Florin"]
[Black "Herrmann, Jakob"]
[Result "1-0"]
[Termination "normal"]
[Board "8.1"]
[WhiteElo "1533"]
[BlackElo "1531"]
[WhiteClock "00:51:22"]
[BlackClock "00:26:04"]
[WhiteTeam "VSG 1880 Offenbach"]
[BlackTeam "SAV Torgelow-Drögeheide 90"]
[PlyCount "119"]
[WhiteFideId "16250230"]
[BlackFideId "16287169"]
[EventCountry "GER"]
[EventRounds "7"]
[EventType "team-swiss"]
[EventDate "2021.08.04"]

1. e4 {[%clk 01:30:51]} {[%emt 00:39:37]} c5 {[%clk 01:30:48]} 2. d4 {[%clk
01:31:12]} cxd4 {[%clk 01:31:12]} 3. Qxd4 {[%clk 01:31:38]} Nc6 {[%clk
01:31:17]} 4. Qd1 {[%clk 01:32:05]} Nf6 {[%clk 01:30:52]} 5. Nc3 {[%clk
01:32:29]} {[%emt 00:00:04]} g6 {[%clk 01:30:09]} 6. Be3 {[%clk 01:32:31]} Bg7
{[%clk 01:30:05]} 7. Nf3 {[%clk 01:32:29]} d6 {[%clk 01:30:23]} 8. Nd4 {[%clk
01:31:38]} O-O {[%clk 01:26:28]} 9. f3 {[%clk 01:30:58]} {[%emt 00:00:05]} Qb6
{[%clk 01:20:35]} 10. Ncb5 {[%clk 01:27:13]} {[%emt 00:01:11]} Qa5+ {[%clk
01:10:03]} {[%emt 00:30:38]} 11. Bd2 {[%clk 01:20:09]} Qd8 {[%clk 01:09:24]}
12. Nb3 {[%clk 01:10:48]} a6 {[%clk 01:08:59]} 13. Nc3 {[%clk 01:09:01]} {[%emt
00:29:01]} Be6 {[%clk 01:07:50]} 14. Be3 {[%clk 01:07:08]} b5 {[%clk 01:03:38]}
15. Qd2 {[%clk 01:05:30]} Rc8 {[%clk 00:59:09]} 16. Be2 {[%clk 01:03:49]} Ne5
{[%clk 00:54:50]} 17. O-O {[%clk 00:59:42]} {[%emt 00:00:35]} Bc4 {[%clk
00:52:38]} {[%emt 00:05:12]} 18. Bd3 {[%clk 00:57:45]} Qc7 {[%clk 00:37:56]}
{[%emt 00:18:29]} 19. Rac1 {[%clk 00:55:03]} Nfd7 {[%clk 00:32:46]} {[%emt
00:05:46]} 20. h3 {[%clk 00:45:22]} {[%emt 00:17:13]} Qb7 {[%clk 00:25:47]}
{[%emt 00:00:13]} 21. Na5 {[%clk 00:43:03]} {[%emt 00:03:12]} Qc7 {[%clk
00:24:28]} {[%emt 00:04:39]} 22. Nxc4 {[%clk 00:40:04]} {[%emt 00:00:23]} Nxc4
{[%clk 00:24:02]} {[%emt 00:01:21]} 23. Bxc4 {[%clk 00:40:13]} Qxc4 {[%clk
00:23:46]} {[%emt 00:13:21]} 24. Nd5 {[%clk 00:40:21]} Rfe8 {[%clk 00:23:28]}
25. b3 {[%clk 00:39:22]} Qc6 {[%clk 00:23:09]} 26. Bd4 {[%clk 00:38:12]} Bxd4+
{[%clk 00:21:28]} 27. Qxd4 {[%clk 00:37:59]} Qc5 {[%clk 00:21:23]} {[%emt
00:00:04]} 28. c3 {[%clk 00:36:40]} Qxd4+ {[%clk 00:15:30]} {[%emt 00:03:57]}
29. cxd4 {[%clk 00:36:15]} {[%emt 00:00:54]} Kf8 {[%clk 00:15:07]} {[%emt
00:00:56]} 30. Kf2 {[%clk 00:35:11]} {[%emt 00:06:24]} e5 {[%clk 00:04:56]}
{[%emt 00:11:10]} 31. Ke3 {[%clk 00:31:29]} exd4+ {[%clk 00:04:37]} 32. Kxd4
{[%clk 00:31:51]} Rc5 {[%clk 00:04:37]} {[%emt 00:00:18]} 33. b4 {[%clk
00:31:10]} {[%emt 00:01:11]} Rcc8 {[%clk 00:03:35]} {[%emt 00:01:33]} 34. f4
{[%clk 00:27:14]} {[%emt 00:04:35]} Rc4+ {[%clk 00:03:14]} {[%emt 00:01:13]}
35. Rxc4 {[%clk 00:27:33]} bxc4 {[%clk 00:03:43]} 36. Rc1 {[%clk 00:25:19]}
{[%emt 00:02:25]} f5 {[%clk 00:02:41]} {[%emt 00:01:32]} 37. exf5 {[%clk
00:24:58]} {[%emt 00:01:02]} gxf5 {[%clk 00:03:02]} 38. Rxc4 {[%clk 00:24:24]}
{[%emt 00:07:03]} Re2 {[%clk 00:03:18]} 39. Ne3 {[%clk 00:22:36]} Rd2+ {[%clk
00:03:15]} 40. Kc3 {[%clk 00:22:51]} Rxa2 {[%clk 00:03:38]} 41. Nc2 {[%clk
00:19:08]} {[%emt 00:01:39]} Nb6 {[%clk 00:02:10]} {[%emt 00:04:09]} 42. Rc6
{[%clk 00:18:54]} Nd5+ {[%clk 00:01:13]} 43. Kb3 {[%clk 00:18:27]} {[%emt
00:01:03]} Rxc2 {[%clk 00:00:49]} {[%emt 00:04:10]} 44. Rxc2 {[%clk 00:18:52]}
Nxf4 {[%clk 00:00:52]} 45. Rf2 {[%clk 00:19:17]} Ne6 {[%clk 00:00:54]} 46.
Rxf5+ {[%clk 00:19:42]} Ke7 {[%clk 00:01:14]} 47. Rh5 {[%clk 00:19:04]} Nf8
{[%clk 00:28:00]} {[%emt 00:02:51]} 48. Ra5 {[%clk 00:49:23]} {[%emt 00:00:19]}
Nd7 {[%clk 00:28:04]} {[%emt 00:00:15]} 49. Rxa6 {[%clk 00:49:35]} {[%emt
00:00:41]} Ke6 {[%clk 00:28:15]} 50. Kc3 {[%clk 00:49:50]} {[%emt 00:00:11]}
Ke5 {[%clk 00:28:29]} {[%emt 00:00:36]} 51. Ra7 {[%clk 00:49:46]} {[%emt
00:00:15]} Nf6 {[%clk 00:28:48]} {[%emt 00:00:11]} 52. b5 {[%clk 00:49:18]}
{[%emt 00:00:59]} h5 {[%clk 00:28:57]} {[%emt 00:03:45]} 53. b6 {[%clk
00:49:39]} Nd5+ {[%clk 00:29:22]} 54. Kd3 {[%clk 00:49:58]} Nxb6 {[%clk
00:29:43]} 55. Rh7 {[%clk 00:50:23]} Nd5 {[%clk 00:25:32]} {[%emt 00:01:57]}
56. Rxh5+ {[%clk 00:50:38]} {[%emt 00:00:12]} Ke6 {[%clk 00:25:54]} {[%emt
00:00:10]} 57. Rxd5 {[%clk 00:50:14]} {[%emt 00:01:34]} Kxd5 {[%clk 00:26:16]}
58. g4 {[%clk 00:50:41]} Ke5 {[%clk 00:26:30]} 59. g5 {[%clk 00:50:59]} d5
{[%clk 00:26:04]} {[%emt 00:00:57]} 60. h4 {[%clk 00:51:22]} {[%emt 00:02:14]}
1-0

[Event "DVM U12 2020"]
[Site "Magdeburg GER"]
[Date "2021.08.07"]
[Round "5"]
[White "Staat, Christian"]
[Black "Briese, Paul"]
[Result "0-1"]
[Termination "normal"]
[Board "8.3"]
[WhiteElo "1022"]
[BlackElo "1113"]
[WhiteClock "00:45:42"]
[BlackClock "00:21:41"]
[WhiteTeam "VSG 1880 Offenbach"]
[BlackTeam "SAV Torgelow-Drögeheide 90"]
[PlyCount "114"]
[WhiteFideId "34608141"]
[BlackFideId "16273826"]
[EventCountry "GER"]
[EventRounds "7"]
[EventType "team-swiss"]
[EventDate "2021.08.04"]

1. e4 c6 {[%clk 01:30:35]} 2. d4 {[%clk 01:31:19]} d5 {[%clk 01:30:35]} 3. Nc3
{[%clk 01:31:19]} dxe4 {[%clk 01:30:35]} 4. Nxe4 {[%clk 01:31:19]} Bf5 {[%clk
01:30:35]} 5. Ng3 {[%clk 01:31:19]} Bg6 {[%clk 01:30:35]} 6. h4 {[%clk
01:31:19]} h6 {[%clk 01:30:35]} 7. h5 {[%clk 01:31:19]} Bh7 {[%clk 01:30:35]}
8. Nf3 {[%clk 01:31:19]} e6 {[%clk 01:30:35]} 9. Bd3 {[%clk 01:31:19]} Bxd3
{[%clk 01:30:35]} 10. Qxd3 {[%clk 01:31:19]} Nd7 {[%clk 01:30:35]} 11. Bd2
{[%clk 01:31:19]} Ngf6 {[%clk 01:30:35]} 12. O-O-O {[%emt 18:18:46]} Nb6 13.
Kb1 {[%clk 01:31:13]} {[%emt 00:00:04]} c5 {[%clk 01:25:49]} 14. Bc3 {[%clk
01:30:45]} cxd4 {[%clk 01:24:38]} 15. Bxd4 {[%clk 01:30:58]} Be7 {[%clk
01:21:26]} {[%emt 01:07:20]} 16. Qe2 {[%clk 01:30:31]} Qc7 {[%clk 01:20:00]}
17. Ne4 {[%clk 01:24:53]} Nbd5 {[%clk 01:17:47]} {[%emt 00:00:04]} 18. Nxf6+
{[%clk 01:18:15]} Bxf6 {[%clk 01:17:20]} 19. g3 {[%clk 01:17:21]} Bxd4 {[%clk
01:15:08]} {[%emt 00:00:05]} 20. Rxd4 {[%clk 01:17:41]} Rd8 {[%clk 01:12:54]}
21. Ne5 {[%clk 01:11:54]} Qb6 {[%clk 01:11:31]} {[%emt 00:00:05]} 22. Qf3
{[%clk 01:08:46]} Rf8 {[%clk 01:09:14]} 23. Rdd1 {[%clk 01:08:36]} Rc8 {[%clk
01:02:59]} {[%emt 00:00:08]} 24. Rhe1 {[%clk 01:03:55]} Nc3+ {[%clk 01:01:52]}
25. Ka1 {[%clk 01:03:33]} Nxd1 {[%clk 01:02:02]} {[%emt 00:00:04]} 26. Rxd1
{[%clk 01:03:59]} Rxc2 {[%clk 01:01:12]} 27. Qa3 {[%clk 00:56:34]} {[%emt
00:01:23]} Qc7 {[%clk 00:57:24]} {[%emt 00:04:20]} 28. Qa4+ {[%emt 00:04:36]}
Rc6 {[%clk 00:54:49]} 29. Nxc6 {[%clk 00:55:11]} {[%emt 00:00:51]} Qxc6 {[%clk
00:55:07]} {[%emt 00:17:12]} 30. Qxa7 {[%clk 00:55:16]} Ke7 {[%clk 00:54:55]}
31. Qd4 {[%clk 00:54:06]} {[%emt 00:00:04]} Rc8 {[%clk 00:50:22]} 32. a3 {[%clk
00:51:07]} f6 {[%clk 00:49:06]} {[%emt 00:00:13]} 33. Qb4+ {[%clk 00:49:37]}
Ke8 {[%clk 00:46:17]} {[%emt 00:01:07]} 34. Qd4 {[%clk 00:48:56]} {[%emt
00:07:16]} Qc7 {[%clk 00:43:58]} 35. Qa4+ {[%clk 00:47:52]} Qc6 {[%clk
00:42:16]} {[%emt 00:00:32]} 36. Qd4 {[%clk 00:47:36]} {[%emt 00:00:43]} e5
{[%clk 00:40:43]} {[%emt 00:06:03]} 37. Re1 {[%clk 00:45:52]} Qc1+ {[%clk
00:36:53]} {[%emt 00:04:12]} 38. Ka2 {[%clk 00:45:27]} Qxe1 {[%clk 00:36:56]}
39. Qa4+ {[%clk 00:45:49]} Kd8 {[%clk 00:36:02]} {[%emt 00:01:16]} 40. Qb3
{[%clk 00:45:22]} {[%emt 00:00:57]} Qd2 {[%clk 00:34:37]} {[%emt 00:01:55]} 41.
Qg8+ {[%clk 00:45:12]} {[%emt 00:00:39]} Kc7 {[%clk 00:34:54]} {[%emt
00:00:14]} 42. Qxg7+ {[%clk 00:45:03]} {[%emt 00:00:54]} Kb8 {[%clk 00:35:14]}
43. Qxf6 {[%clk 00:44:00]} {[%emt 00:06:30]} Qd5+ {[%clk 00:35:25]} 44. Kb1
{[%clk 00:44:23]} Qd1+ {[%clk 00:29:36]} {[%emt 00:01:44]} 45. Ka2 {[%clk
00:44:48]} {[%emt 00:00:08]} Qxh5 {[%clk 00:29:21]} {[%emt 00:00:41]} 46. Qd6+
{[%clk 00:45:02]} {[%emt 00:12:56]} Ka7 {[%clk 00:28:42]} 47. Qd2 {[%clk
00:44:56]} Qg5 {[%clk 00:24:26]} {[%emt 00:16:11]} 48. Qa5+ {[%clk 00:44:40]}
Kb8 {[%clk 00:24:34]} 49. Qb4 {[%clk 00:44:09]} Qf5 {[%clk 00:23:59]} {[%emt
00:00:04]} 50. Qd6+ {[%clk 00:44:08]} Ka8 {[%clk 00:23:24]} 51. Qd2 {[%clk
00:44:28]} Rc2 {[%clk 00:21:40]} {[%emt 00:00:05]} 52. Qa5+ {[%clk 00:44:51]}
Kb8 {[%clk 00:21:57]} 53. Qd8+ {[%clk 00:45:19]} Qc8 {[%clk 00:22:12]} {[%emt
00:00:04]} 54. Qd6+ {[%clk 00:45:34]} Ka8 {[%clk 00:21:54]} 55. Qxh6 {[%clk
00:45:31]} Qc4+ {[%clk 00:21:59]} {[%emt 00:15:26]} 56. Kb1 {[%clk 00:45:57]}
Rxf2 {[%clk 00:21:41]} 57. Qh8+ {[%clk 00:45:42]} Ka7 {[%emt 00:00:04]} 0-1

[Event "DVM U12 2020"]
[Site "Magdeburg GER"]
[Date "2021.08.07"]
[Round "5"]
[White "Wandelt, Moritz"]
[Black "Hentschker, Merlin"]
[Result "0-1"]
[Termination "normal"]
[Board "8.4"]
[WhiteElo "1029"]
[BlackElo "1060"]
[WhiteClock "00:05:53"]
[BlackClock "01:12:38"]
[WhiteTeam "SAV Torgelow-Drögeheide 90"]
[BlackTeam "VSG 1880 Offenbach"]
[PlyCount "68"]
[WhiteFideId "34605070"]
[BlackFideId "16294483"]
[EventCountry "GER"]
[EventRounds "7"]
[EventType "team-swiss"]
[EventDate "2021.08.04"]

1. e4 {[%clk 01:30:54]} e5 {[%clk 01:30:55]} {[%emt 00:00:05]} 2. Nf3 {[%clk
01:31:17]} {[%emt 00:07:27]} Nc6 {[%clk 01:31:19]} 3. d4 {[%clk 01:31:20]} exd4
{[%clk 01:31:41]} 4. Nxd4 {[%clk 01:31:44]} Bc5 {[%clk 01:32:02]} 5. Be3 {[%clk
01:31:55]} Qf6 {[%clk 01:32:21]} 6. c3 {[%clk 01:32:12]} Nge7 {[%clk 01:32:43]}
{[%emt 00:00:11]} 7. Bc4 {[%clk 01:31:07]} Ne5 {[%clk 01:33:03]} 8. Be2 {[%clk
01:10:15]} {[%emt 00:17:43]} Qg6 {[%clk 01:33:19]} {[%emt 00:59:36]} 9. Nd2
{[%clk 00:40:58]} Qxg2 {[%clk 01:33:17]} 10. Bf3 {[%clk 00:26:49]} Qg6 {[%clk
01:31:27]} 11. Qe2 {[%clk 00:15:58]} d6 {[%clk 01:31:02]} 12. O-O-O {[%clk
00:13:39]} {[%emt 00:05:38]} Nxf3 {[%clk 01:30:27]} 13. N4xf3 {[%clk 00:12:18]}
Bg4 {[%clk 01:25:57]} {[%emt 00:09:22]} 14. Rhg1 {[%clk 00:11:08]} Qe6 {[%clk
01:25:52]} 15. Rg3 {[%clk 00:09:30]} g6 {[%clk 01:23:03]} {[%emt 00:06:14]} 16.
Bxc5 {[%clk 00:07:23]} dxc5 {[%clk 01:23:16]} 17. Qb5+ {[%clk 00:06:51]} {[%emt
00:01:32]} Nc6 {[%clk 01:22:08]} {[%emt 00:01:50]} 18. Qxb7 {[%clk 00:06:46]}
O-O {[%clk 01:21:18]} {[%emt 00:01:51]} 19. Rxg4 {[%clk 00:06:43]} Rab8 {[%clk
01:13:59]} {[%emt 00:09:15]} 20. Qxc7 {[%clk 00:05:39]} Qxa2 {[%clk 01:13:53]}
{[%emt 00:00:34]} 21. Kc2 {[%clk 00:05:11]} {[%emt 00:01:01]} Qxb2+ {[%clk
01:14:11]} {[%emt 00:00:09]} 22. Kd3 {[%clk 00:05:34]} {[%emt 00:00:10]} c4+
{[%clk 01:11:56]} {[%emt 00:02:43]} 23. Nxc4 {[%clk 00:05:38]} {[%emt
00:01:41]} Rbd8+ {[%clk 01:12:14]} 24. Nd6 {[%clk 00:05:36]} Qb5+ {[%clk
01:11:31]} {[%emt 00:00:44]} 25. Kc2 {[%clk 00:05:33]} {[%emt 00:01:05]} Qa4+
{[%clk 01:11:12]} {[%emt 00:00:54]} 26. Kd3 {[%clk 00:05:37]} Qxd1+ {[%clk
01:11:26]} {[%emt 00:00:05]} 27. Nd2 {[%clk 00:05:39]} {[%emt 00:00:26]} Ne5+
{[%clk 01:11:40]} {[%emt 00:00:35]} 28. Ke3 {[%clk 00:05:36]} {[%emt 00:00:16]}
Nxg4+ {[%clk 01:11:59]} {[%emt 00:00:11]} 29. Kd3 {[%clk 00:05:50]} {[%emt
00:00:34]} Nxf2+ {[%clk 01:11:51]} {[%emt 00:00:18]} 30. Ke3 {[%clk 00:06:06]}
{[%emt 00:00:22]} Qe1+ {[%clk 01:11:47]} {[%emt 00:00:27]} 31. Kf4 {[%clk
00:05:23]} {[%emt 00:01:16]} Qxd2+ {[%clk 01:12:01]} {[%emt 00:00:13]} 32. Kg3
{[%clk 00:05:36]} {[%emt 00:00:16]} Qxd6+ {[%clk 01:11:50]} {[%emt 00:01:11]}
33. Qxd6 {[%clk 00:05:54]} Nxe4+ {[%clk 01:12:16]} 34. Kf3 {[%clk 00:05:53]}
{[%emt 00:00:19]} Nxd6 {[%clk 01:12:38]} {[%emt 00:00:23]} 0-1